000 00506nam a2200193Ia 4500
008 180921t2009 xxu||||| |||| 00| 0 sin d
041 _asin
080 _a581.47
_bKOD
100 _aKodykara,Pasan
245 _aපලතුරු ගුණාගුණ
246 _aPalathuru Gunaguna:Fruits
260 _bMalpiyali
_aDankotuwa
_c2009
300 _a40p.ill, 32 cm
440 _aNava Denuma Anka 18.
650 _aFruits
942 _cBK
999 _c15078
_d15078
003 LK-CoDNM
040 _aLK-CoDNM
_dLK-CoDNM
_eLK-CoDNM